"رحلة محمد الكبير ""باى الغرب الجزائرى"" الى الجنوب الصحراوى الجزائرى" / (Record no. 37741)
[ view plain ]
| 000 -الفاتح | |
|---|---|
| حقل البيانات ثابتة الطول | 00691nam a2200193Ia 4500 |
| 008 - عناصر البيانات ثابتة الطول - معلومات عامة | |
| حقل البيانات ثابتة الطول | 140319s9999 xx 000 0 ara d |
| 040 ## - مصدر الفهرسة | |
| وكالة الفهرسة الأصلية | GCL / |
| وكالة النسخ | GCL |
| 082 04 - رقم تصنيف ديوى العشرى | |
| رقم التصنيف | 953.965 |
| رقم المادة | هـ ر |
| 100 1# - المدخل الرئيسى - إسم شخصى | |
| الإسم الشخصى | ابن هطال، احمد التلمسانى |
| 245 10 - بيان العنوان | |
| العنوان | "رحلة محمد الكبير ""باى الغرب الجزائرى"" الى الجنوب الصحراوى الجزائرى" / |
| بيان المسئوليه,etc | ابن هطال، احمد التلمسانى |
| 700 1# - المدخل الاضافى - اسم شخصى | |
| الإسم الشخصى | محمد بن عبدالكريم |
| 300 ## - الوصف المادى | |
| التعداد | 121 ص |
| 490 ## - بيان السلسلة | |
| عنوان السلسلة | |
| 650 04 - المدخل الاضافى بالموضوع-مصطلح موضوعى | |
| مصطلح موضوعي | الجزائر - تاريخ - العصر العثمانى |
| 650 04 - المدخل الاضافى بالموضوع-مصطلح موضوعى | |
| مصطلح موضوعي | وهران |
| 650 04 - المدخل الاضافى بالموضوع-مصطلح موضوعى | |
| مصطلح موضوعي | محمد الكبير |
| 942 ## - عناصر المدخل الإضافي( كوها) | |
| مصدر التصنيف او مخطط الترفيف | Dewey Decimal Classification |
| Koha [default] item type | كتاب |
| حالة التراجع | حالة الفقد | حالة تلف | ليس للاعارة | المكان المؤقت | الموقع الحالى | تاريخ الاكتساب | اجمالي اﻻعارات | رقم الطلب | الباركود | تاريخ اخر مشاهدة | تاريخ تفعيل السعر | نوع وعاء كوها |
|---|---|---|---|---|---|---|---|---|---|---|---|---|
| مكتبة القاهرة الكبرى | مكتبة القاهرة الكبرى | 03/26/2014 | 953.965\هـ ر | 92151 | 03/26/2014 | 03/26/2014 | كتاب | |||||
| مكتبة القاهرة الكبرى | مكتبة القاهرة الكبرى | 03/26/2014 | 953.965\هـ ر | 92152 | 03/26/2014 | 03/26/2014 | كتاب |

